000 00695nam a22001697a 4500
005 20251108175948.0
008 250721s2014 xx 000 0 ara d
082 1 4 _a680/بيت
100 1 _aبيترسن، ليندا
245 1 0 _aفن صناعة الاكسسوارات من البوليمر :
_bخمسة وثلاثون تصميما تفصيليا لاعداد الخرز من عجينة البوليم واستخدامه في تنفيذ تصميمات لاكسسوارات رائعة /
264 1 _aالجيزة :
_bدار الفاروق،
_c2014.
300 _a126ص.
650 1 7 _aالحرف اليدوية
650 1 7 _aالاكسسوارات
942 _2ddc
_cBK
999 _c146524
_d146524